MARC

LEADER 00000nam0a2200000 4500
001 248291
005 20231101232356.0
010 |a 503000971X 
035 |a (RuTPU)RU\TPU\book\270052 
090 |a 248291 
100 |a 20140121d1988 k y0rusy50 ca 
101 1 |a rus  |c eng 
102 |a RU 
105 |a y z 001zy 
200 1 |a Нелинейные сингулярно возмущенные краевые задачи. Теория и приложения.  |e пер. с англ.  |f К. В. Чанг, Ф. А. Хауэс 
210 |a Москва  |c Мир  |d 1988 
215 |a 247 с. 
320 |a Библиогр.: с. 236-242. 
320 |a Предметный указатель: с. 243-245. 
606 1 |a Краевые задачи  |2 stltpush  |3 (RuTPU)RU\TPU\subj\71464  |9 85364 
610 1 |a сингулярно-возмущенные задачи 
610 1 |a существование 
610 1 |a квазилинейные задачи 
610 1 |a квадратичные дифференциалы 
610 1 |a возмущенные системы 
610 1 |a примеры 
610 1 |a скалярные задачи 
610 1 |a векторные задачи 
610 1 |a теоремы 
675 |a 517.9  |v 3 
700 1 |a Чанг  |b К. В. 
701 1 |a Хауэс  |b Ф. А. 
801 1 |a RU  |b 63413507  |c 20140121 
801 2 |a RU  |b 63413507  |c 20160809  |g RCR 
942 |c BK